000 00657ckm a22001935a 4500
001 L141086
008 071026s1930 xxk eng u
035 _a(Sirsi) u141086
041 0 _aeng
110 2 _aRoyal Institution of Chartered Surveyors
_bSurrey Branch
_9846
245 0 1 _a[Notebook containing details of subscribers to a canteen of cutlery and plate presented to Thomas Brent in recognition of his 20 years' service as Honorary Secretary to the Surrey Branch]
_h[manuscript]
260 _c1930
300 _a1 v.
_c11 x 16 cm.
340 _aInk on paper
351 _cSingle item
651 4 _aSurrey
690 _aABOUT RICS
942 _n0
999 _c116579
_d116579